000
00263nam a2200109Ia 4500
008
190914s9999||||xx |||||||||||||| ||und||
100
_a
Ivens,Kathy
245
4
_a
The Complete Reference;Excel 2000
260
_a
London
_b
Addison
_c
1999
300
_a
610
942
_c
BK
999
_c
8484
_d
8484